[Event "WIECC 2009"]
[Site "St. Petersburg RUS"]
[Date "2009.03.08"]
[Round "1.15"]
[White "Eidelson, Rakhil"]
[Black "Socko, Monika"]
[Result "0-1"]
[WhiteElo "2225"]
[BlackElo "2449"]
[PlyCount "142"]
[EventDate "2009.??.??"]

1. e4 e5 2. Nf3 Nf6 3. Nxe5 d6 4. Nf3 Nxe4 5. Nc3 Nxc3 6. dxc3 Be7 7. Bf4 Nc6
8. Qd2 Be6 9. Nd4 Nxd4 10. cxd4 Qd7 11. Bd3 O-O-O 12. O-O Kb8 13. Rfe1 h6 14.
Bf1 g5 15. d5 gxf4 16. dxe6 fxe6 17. Qxf4 Rdf8 18. Qe4 Rf6 19. Rad1 Rhf8 20. f3
d5 21. Qe2 c6 22. Rd3 Bd6 23. g3 h5 24. Bh3 Qg7 25. Kh1 h4 26. g4 e5 27. Rf1
Rf4 28. Rdd1 Bc5 29. Bg2 Bd6 30. h3 Bc7 31. c3 Qf6 32. Rde1 Qd6 33. Rd1 R4f7
34. f4 Rxf4 35. Rxf4 Rxf4 36. Rf1 e4 37. Rxf4 Qxf4 38. Bf1 c5 39. Qg2 Bd8 40.
Qh2 Qxh2+ 41. Kxh2 Kc7 42. c4 Kd6 43. cxd5 Kxd5 44. b3 Kd4 45. Kg2 a6 46. a4
Kc3 47. Bc4 Bg5 48. Kf2 Kd2 49. Kf1 Ke3 50. Kg2 Bd8 51. Bf1 Bf6 52. Bc4 Bd4 53.
Kf1 Bf6 54. Kg2 Kd2 55. Kf1 Kc3 56. Kf2 Bg5 57. Ke2 Kb4 58. Bd5 b5 59. axb5
axb5 60. Kd1 Kc3 61. Bc6 Kxb3 62. Bxb5 Kc3 63. Bc6 Kd3 64. Ba4 Ke3 65. Bb5 Kf2
66. Bc6 e3 67. Bb5 Kg2 68. Ke2 Kxh3 69. Kf1 Kxg4 70. Be2+ Kg3 71. Kg1 h3 0-1

[Event "WIECC 2009"]
[Site "St. Petersburg RUS"]
[Date "2009.03.08"]
[Round "1.27"]
[White "Mammadova, Gulnar"]
[Black "Rajlich, Iweta"]
[Result "0-1"]
[WhiteElo "2175"]
[BlackElo "2399"]
[PlyCount "88"]
[EventDate "2009.??.??"]

1. g3 d5 2. Bg2 c6 3. f4 Qc7 4. d3 Nh6 5. Nf3 Bg4 6. O-O Nd7 7. e4 e6 8. Be3 f5
9. Nbd2 O-O-O 10. Qe1 Bxf3 11. Nxf3 Ng4 12. e5 Nxe3 13. Qxe3 h6 14. Kh1 Bc5 15.
Qd2 g5 16. fxg5 hxg5 17. d4 Be7 18. Nxg5 Bxg5 19. Qxg5 Rdg8 20. Qe3 Nf8 21. b3
Qh7 22. h3 Qg7 23. Kh2 Nh7 24. h4 Ng5 25. Rf4 Qe7 26. c4 Kb8 27. cxd5 cxd5 28.
Rc1 Nf7 29. Rc2 Rh7 30. a4 Nh8 31. Rf3 a6 32. Kg1 Rhg7 33. Kf1 Rg4 34. Bh3 Re4
35. Qc3 Nf7 36. Bg2 Nh6 37. b4 f4 38. Rd3 Nf5 39. gxf4 Rxf4+ 40. Kg1 Rfg4 41.
b5 axb5 42. axb5 Nxh4 43. Rdd2 Nxg2 44. Rxg2 Qg7 0-1

[Event "WIECC 2009"]
[Site "St. Petersburg RUS"]
[Date "2009.03.08"]
[Round "1.29"]
[White "Avdeenko, Tatiana"]
[Black "Zawadzka, Jolanta"]
[Result "0-1"]
[WhiteElo "2168"]
[BlackElo "2385"]
[PlyCount "102"]
[EventDate "2009.??.??"]

1. e4 c5 2. Nc3 e6 3. f4 Nc6 4. Nf3 d5 5. Bb5 Nge7 6. Qe2 dxe4 7. Nxe4 a6 8.
Bxc6+ Nxc6 9. d3 Be7 10. O-O O-O 11. Kh1 b6 12. Qf2 h6 13. Be3 Bb7 14. a3 Rc8
15. b4 cxb4 16. Bxb6 Qd5 17. Nc5 Ba8 18. Nxa6 bxa3 19. Rfd1 Qf5 20. Qe3 Bd6 21.
d4 Bxf4 22. Qxa3 Qxc2 23. Qd3 Qxd3 24. Rxd3 Ne7 25. Bc5 Rfe8 26. g3 Bg5 27. Kg1
Bf6 28. Kf2 Nd5 29. Rb1 Bc6 30. Ne5 Red8 31. Nxc6 Rxc6 32. Nb8 Rcc8 33. Na6 Ra8
34. Nb4 Nxb4 35. Rxb4 Ra2+ 36. Kg1 Rc2 37. Ba7 Rd5 38. Bb6 e5 39. h4 Kh7 40.
Kf1 Kg6 41. Rd1 exd4 42. Bxd4 Rc6 43. Ke2 Rcd6 44. Ke3 Bxd4+ 45. Rdxd4 Rxd4 46.
Rxd4 Rxd4 47. Kxd4 Kf5 48. Ke3 Kg4 49. Kf2 f5 50. Kg2 f4 51. gxf4 Kxf4 0-1

[Event "WIECC 2009"]
[Site "St. Petersburg RUS"]
[Date "2009.03.08"]
[Round "1.42"]
[White "Dworakowska, Joanna"]
[Black "Kushka, Alena"]
[Result "0-1"]
[WhiteElo "2352"]
[BlackElo "2124"]
[PlyCount "104"]
[EventDate "2009.??.??"]

1. e4 c5 2. Nf3 Nc6 3. Bb5 g6 4. Bxc6 dxc6 5. d3 Bg7 6. h3 Nf6 7. Nc3 O-O 8.
Be3 b6 9. Qd2 Re8 10. Bh6 Bh8 11. Nh2 b5 12. f4 b4 13. Nd1 e5 14. f5 c4 15. O-O
Qd6 16. Rf3 Ba6 17. Nf2 cxd3 18. cxd3 Rad8 19. Bg5 Rd7 20. Rf1 Nh5 21. Nfg4 Bg7
22. f6 Bf8 23. Rd1 Red8 24. Nf2 Nf4 25. Nfg4 Nxd3 26. Ne3 Qc5 27. Nhg4 Rd4 28.
Kh2 Nf4 29. Qe1 Rxd1 30. Nxd1 Be2 31. Rxf4 Rxd1 32. Qxe2 Qg1+ 33. Kg3 exf4+ 34.
Bxf4 Qe1+ 35. Kf3 Qxe2+ 36. Kxe2 Rb1 37. Be5 Ra1 38. Kd3 Rxa2 39. Kc4 Ra1 40.
Ne3 a5 41. b3 Ra2 42. Kd3 a4 43. bxa4 Rxa4 44. Nc4 Ra2 45. Bb2 Bc5 46. g3 Bf2
47. g4 c5 48. Bc1 Bd4 49. e5 Rh2 50. Na5 Rxh3+ 51. Ke4 b3 52. Nc6 b2 0-1

[Event "WIECC 2009"]
[Site "St. Petersburg RUS"]
[Date "2009.03.08"]
[Round "1.43"]
[White "Rjanova, Valery"]
[Black "Majdan, Joanna"]
[Result "0-1"]
[WhiteElo "2113"]
[BlackElo "2351"]
[PlyCount "70"]
[EventDate "2009.??.??"]

1. e4 e5 2. Nf3 Nc6 3. Bc4 Bc5 4. b4 Bxb4 5. c3 Ba5 6. d4 exd4 7. O-O dxc3 8.
Qb3 Qe7 9. Nxc3 Bxc3 10. Qxc3 Qf6 11. e5 Qg6 12. Ba3 Nge7 13. Rfe1 b6 14. Bd3
Qe6 15. Be4 Bb7 16. Rac1 h6 17. Re2 a5 18. Rd2 Rd8 19. Qe3 Ba6 20. Rcd1 O-O 21.
Bxc6 Nxc6 22. Bxf8 Rxf8 23. Rxd7 Qxa2 24. Rxc7 Be2 25. Rc1 Nb4 26. Qxb6 Nd5 27.
R7c2 Qxc2 28. Rxc2 Nxb6 29. Rxe2 Rc8 30. g3 a4 31. Ra2 Rc4 32. Nd2 Rb4 33. f4
g5 34. fxg5 hxg5 35. Kf2 Nd7 0-1

[Event "WIECC 2009"]
[Site "St. Petersburg RUS"]
[Date "2009.03.08"]
[Round "1.66"]
[White "Kadziolka, Beata"]
[Black "Kluchik, Julia"]
[Result "1-0"]
[WhiteElo "2295"]
[BlackElo "1953"]
[PlyCount "61"]
[EventDate "2009.??.??"]

1. e4 g6 2. d4 d6 3. c4 Bg7 4. Nc3 Nc6 5. Be3 Nf6 6. f3 O-O 7. Qd2 e5 8. Nge2
Ne8 9. d5 Ne7 10. Nc1 f5 11. Nd3 Nf6 12. Be2 fxe4 13. fxe4 c6 14. O-O cxd5 15.
cxd5 b5 16. b4 Bd7 17. Nf2 a6 18. a4 bxa4 19. Nxa4 Bb5 20. Bxb5 axb5 21. Nc3
Qd7 22. Qd3 Rxa1 23. Rxa1 Ng4 24. Nxg4 Qxg4 25. Nxb5 h5 26. Nxd6 h4 27. Qd1 Qd7
28. Bc5 Rf6 29. Ra7 Qd8 30. Nb7 Qd7 31. Na5 1-0

[Event "WIECC 2009"]
[Site "St. Petersburg RUS"]
[Date "2009.03.09"]
[Round "2.10"]
[White "Socko, Monika"]
[Black "Nebolsina, Vera"]
[Result "1-0"]
[WhiteElo "2449"]
[BlackElo "2312"]
[PlyCount "101"]
[EventDate "2009.??.??"]

1. e4 c5 2. Nf3 Nc6 3. d4 cxd4 4. Nxd4 Nf6 5. Nc3 e5 6. Ndb5 d6 7. Nd5 Nxd5 8.
exd5 Nb8 9. c4 Be7 10. Be2 O-O 11. O-O a6 12. Nc3 Nd7 13. Kh1 f5 14. f4 Bf6 15.
Be3 exf4 16. Bxf4 Be5 17. Bxe5 Nxe5 18. Qd4 Bd7 19. c5 Rc8 20. b4 Qe7 21. Rac1
Rfe8 22. Nb1 Qg5 23. Nd2 Bb5 24. Bxb5 axb5 25. Rce1 Qg6 26. h3 Nd7 27. c6 bxc6
28. dxc6 Ne5 29. Qd5+ Qf7 30. Qxb5 Qxa2 31. Re2 Rb8 32. Qa5 Qxa5 33. bxa5 g6
34. c7 Rbc8 35. Nc4 Rxc7 36. Nxd6 Re6 37. Rd1 Rc6 38. Nb7 Re7 39. Rb1 Kg7 40.
Ra2 Ra6 41. Nc5 Raa7 42. a6 Nd7 43. Rb7 Rxb7 44. axb7 Nb8 45. Rd2 Kf7 46. Rd8
Re8 47. Rc8 Ke7 48. Kg1 Rd8 49. Kf2 g5 50. Ne6 Re8 51. Nxg5 1-0

[Event "WIECC 2009"]
[Site "St. Petersburg RUS"]
[Date "2009.03.09"]
[Round "2.17"]
[White "Khukhashvili, Sopiko"]
[Black "Kadziolka, Beata"]
[Result "1/2-1/2"]
[WhiteElo "2416"]
[BlackElo "2295"]
[PlyCount "64"]
[EventDate "2009.??.??"]

1. e4 c5 2. b3 g6 3. Bb2 Nf6 4. e5 Nd5 5. Bc4 Nc7 6. Qf3 Ne6 7. Nc3 Bg7 8. Bxe6
dxe6 9. Ne4 Nc6 10. Nxc5 Nxe5 11. Qe4 Qd5 12. O-O-O Qxe4 13. Nxe4 O-O 14. f4
Nc6 15. Nf3 b6 16. h4 h5 17. Bxg7 Kxg7 18. Nc3 Bb7 19. Rdg1 Rfd8 20. Rh3 Nd4
21. Ne5 b5 22. Nd3 a5 23. Kb2 b4 24. Na4 Be4 25. Nac5 Bf5 26. Re3 Rac8 27. c3
Bxd3 28. Nxd3 Nf5 29. Rh3 Nxh4 30. g4 hxg4 31. Rxg4 Nf5 32. Rg2 Rb8 1/2-1/2

[Event "WIECC 2009"]
[Site "St. Petersburg RUS"]
[Date "2009.03.09"]
[Round "2.10"]
[White "Zawadzka, Jolanta"]
[Black "Stjazhkina, Olga"]
[Result "1-0"]
[WhiteElo "2385"]
[BlackElo "2280"]
[PlyCount "59"]
[EventDate "2009.??.??"]

1. e4 e5 2. Nf3 Nf6 3. Nxe5 d6 4. Nf3 Nxe4 5. c4 d5 6. Nc3 Nf6 7. d4 Be7 8.
cxd5 Nxd5 9. Bc4 Nxc3 10. bxc3 Nd7 11. O-O O-O 12. Re1 c6 13. Qe2 Nb6 14. Bb3
Re8 15. Ng5 Nd5 16. Qh5 Bxg5 17. Bxg5 Qd7 18. c4 Nc7 19. d5 Qg4 20. Rxe8+ Nxe8
21. Qxg4 Bxg4 22. Re1 f6 23. Bf4 Rd8 24. h3 Bh5 25. Re7 Bf7 26. Rxb7 cxd5 27.
cxd5 a6 28. Ra7 g5 29. Be3 Bxd5 30. Ra8 1-0

[Event "WIECC 2009"]
[Site "St. Petersburg RUS"]
[Date "2009.03.09"]
[Round "2.29"]
[White "Majdan, Joanna"]
[Black "Popova, Natalija"]
[Result "1/2-1/2"]
[WhiteElo "2351"]
[BlackElo "2266"]
[PlyCount "72"]
[EventDate "2009.??.??"]

1. e4 c5 2. Nf3 Nc6 3. d4 cxd4 4. Nxd4 Nf6 5. Nc3 d6 6. Bg5 Bd7 7. Qd2 Rc8 8.
Be2 Nxd4 9. Qxd4 Qa5 10. Bd2 Qc5 11. Qd3 g6 12. O-O Bg7 13. Kh1 O-O 14. f4 Bg4
15. Rae1 Bxe2 16. Qxe2 Qc6 17. f5 b5 18. Qxb5 Qxb5 19. Nxb5 Rxc2 20. Bc3 Ng4
21. Nd4 Rf2 22. Nc6 Bxc3 23. bxc3 Rxa2 24. h3 Nf6 25. g4 Kg7 26. g5 Nh5 27. Rf3
f6 28. h4 fxg5 29. hxg5 gxf5 30. Nd4 f4 31. Ne6+ Kg8 32. Nxf8 Kxf8 33. e5 Ng3+
34. Kg1 Ne2+ 35. Kf1 Ng3+ 36. Kg1 Ne2+ 1/2-1/2

[Event "WIECC 2009"]
[Site "St. Petersburg RUS"]
[Date "2009.03.09"]
[Round "2.54"]
[White "Bezgodova, Maria"]
[Black "Dworakowska, Joanna"]
[Result "0-1"]
[WhiteElo "2101"]
[BlackElo "2352"]
[PlyCount "92"]
[EventDate "2009.??.??"]

1. e4 c5 2. Nf3 d6 3. d4 cxd4 4. Nxd4 Nf6 5. Nc3 a6 6. Be2 e5 7. Nb3 Be7 8. Bg5
Be6 9. Bxf6 Bxf6 10. Qd3 O-O 11. O-O-O Be7 12. Nd5 Nc6 13. Kb1 a5 14. c3 a4 15.
Nd2 Bxd5 16. Qxd5 Ra5 17. Qd3 d5 18. exd5 Rxd5 19. Qc2 Qb6 20. Bd3 g6 21. Nc4
Qa7 22. h4 Kg7 23. h5 Bg5 24. Rh3 Rfd8 25. Rdh1 f5 26. hxg6 hxg6 27. Rh7+ Kf6
28. Bxf5 Rd2 29. Nxd2 Rxd2 30. Qc1 Kxf5 31. R1h3 a3 32. Rf3+ Ke6 33. Qf1 Qa4
34. b3 Qe4+ 35. Ka1 Rxa2+ 36. Kxa2 Qc2+ 37. Kxa3 Bc1+ 38. Qxc1 Qxc1+ 39. Ka2
Qc2+ 40. Ka3 b5 41. Rb7 Qb1 42. b4 e4 43. Rh3 Ne5 44. Rb6+ Kd7 45. Rh7+ Kc8 46.
Rxb5 Nc4+ 0-1

[Event "WIECC 2009"]
[Site "St. Petersburg RUS"]
[Date "2009.03.10"]
[Round "3.1"]
[White "Dzagnidze, Nana"]
[Black "Zawadzka, Jolanta"]
[Result "1-0"]
[WhiteElo "2518"]
[BlackElo "2385"]
[PlyCount "111"]
[EventDate "2009.??.??"]

1. d4 Nf6 2. c4 g6 3. Nc3 Bg7 4. Bg5 d6 5. e3 c5 6. d5 O-O 7. Nf3 h6 8. Bh4 g5
9. Bg3 Nh5 10. Nd2 Nxg3 11. hxg3 f5 12. Be2 a6 13. Qc2 e6 14. dxe6 Bxe6 15. Bf3
Nc6 16. O-O Qf6 17. Bd5 Rae8 18. Bxe6+ Rxe6 19. Nd5 Qf7 20. Rad1 Ne5 21. Nf3
Ng6 22. Rfe1 Rfe8 23. b3 Re4 24. a4 Kh8 25. Kf1 R4e6 26. Re2 Ne5 27. Nxe5 Bxe5
28. Red2 Rg6 29. f4 gxf4 30. gxf4 Bg7 31. Rf2 Rg4 32. Rf3 Qg6 33. Rd2 Rh4 34.
Kg1 Qh5 35. Rg3 Re6 36. Kf2 Rh1 37. Qd3 Ra1 38. Rh3 Qg6 39. Nc3 Qf6 40. Ne2 Qg6
41. Ng3 Rf6 42. Rh5 Qg4 43. Qe2 Qg6 44. Rd5 Re6 45. Nxf5 Rb1 46. Nxh6 Bxh6 47.
Rxh6+ Qxh6 48. Rh5 Rxb3 49. f5 Rf6 50. Rxh6+ Rxh6 51. Qc2 Rb4 52. Qe4 Rf6 53.
g4 b5 54. Qe7 Rh6 55. Qf8+ Kh7 56. g5 1-0

[Event "WIECC 2009"]
[Site "St. Petersburg RUS"]
[Date "2009.03.10"]
[Round "3.6"]
[White "Demina, Julia"]
[Black "Socko, Monika"]
[Result "0-1"]
[WhiteElo "2361"]
[BlackElo "2449"]
[PlyCount "76"]
[EventDate "2009.??.??"]

1. Nf3 Nf6 2. c4 e6 3. Nc3 Bb4 4. Qc2 O-O 5. a3 Bxc3 6. Qxc3 d6 7. b4 b6 8. Bb2
Nbd7 9. e3 Bb7 10. Be2 c5 11. O-O Rc8 12. Rac1 Rc7 13. Rfd1 Qe7 14. d4 Ne4 15.
Qb3 f5 16. dxc5 bxc5 17. b5 Ndf6 18. h3 Ng4 19. Rf1 Nh6 20. Ba1 e5 21. Rfd1 Ng4
22. Rf1 h5 23. a4 Qf6 24. a5 Rcf7 25. a6 Ba8 26. Rcd1 Qh6 27. Bb2 Ngxf2 28.
Rxf2 Nxf2 29. Kxf2 e4 30. Ne1 f4 31. Bc1 f3 32. gxf3 exf3 33. Bd3 Qg5 34. e4
Qh4+ 35. Ke3 Qf4+ 36. Kf2 Qh2+ 37. Ke3 f2 38. Nc2 Rf3+ 0-1

[Event "WIECC 2009"]
[Site "St. Petersburg RUS"]
[Date "2009.03.10"]
[Round "3.22"]
[White "Kadziolka, Beata"]
[Black "Rajlich, Iweta"]
[Result "1/2-1/2"]
[WhiteElo "2295"]
[BlackElo "2399"]
[PlyCount "94"]
[EventDate "2009.??.??"]

1. Nf3 Nf6 2. d4 g6 3. c4 Bg7 4. Nc3 O-O 5. e4 d6 6. Be2 e5 7. O-O Nc6 8. dxe5
dxe5 9. Bg5 Qxd1 10. Rfxd1 Bg4 11. h3 Bxf3 12. Bxf3 Nd4 13. Nd5 Ne8 14. Be7 c6
15. Bxf8 Bxf8 16. Nc3 Nc7 17. Be2 a5 18. Bf1 a4 19. Rab1 Nce6 20. g3 g5 21. Kg2
Bb4 22. Ne2 Bc5 23. Nc3 Kf8 24. Be2 Ke7 25. Rh1 Bb4 26. Bf3 Nc5 27. Nd1 Bd2 28.
Ne3 Bxe3 29. fxe3 Nc2 30. Kf2 Nb4 31. a3 Nba6 32. Rbd1 Rg8 33. g4 Nc7 34. Rd2
Ne8 35. Rhd1 Nf6 36. Kg2 Ra8 37. h4 h6 38. hxg5 hxg5 39. Rh1 Ra6 40. Rh8 Rb6
41. Ra8 Rb3 42. Ra5 Nfd7 43. Bd1 Rxe3 44. Re2 Rxe2+ 45. Bxe2 Kd6 46. Ra8 Kc7
47. Kf3 Nb8 1/2-1/2

[Event "WIECC 2009"]
[Site "St. Petersburg RUS"]
[Date "2009.03.10"]
[Round "3.27"]
[White "Fominykh, Maria"]
[Black "Majdan, Joanna"]
[Result "1/2-1/2"]
[WhiteElo "2279"]
[BlackElo "2351"]
[PlyCount "55"]
[EventDate "2009.??.??"]

1. d4 Nf6 2. Nf3 g6 3. g3 Bg7 4. Bg2 O-O 5. O-O d6 6. c4 Nc6 7. Nc3 a6 8. h3
Rb8 9. Qc2 Bd7 10. b3 b5 11. Be3 Re8 12. Rfd1 bxc4 13. bxc4 Rb4 14. a3 Rxc4 15.
Qd3 Na5 16. g4 c5 17. Nd2 cxd4 18. Nxc4 dxe3 19. Nxe3 Nb3 20. Rab1 Nc5 21. Qd2
Be6 22. Ned5 Nfd7 23. Ne4 Bxd5 24. Qxd5 Nf6 25. Nxf6+ Bxf6 26. f4 Qa5 27. Qc6
Rf8 28. Qf3 1/2-1/2

[Event "WIECC 2009"]
[Site "St. Petersburg RUS"]
[Date "2009.03.10"]
[Round "3.37"]
[White "Dworakowska, Joanna"]
[Black "Danelia, Mariam"]
[Result "1-0"]
[WhiteElo "2352"]
[BlackElo "2219"]
[PlyCount "120"]
[EventDate "2009.??.??"]

1. e4 c5 2. Nf3 d6 3. d4 cxd4 4. Nxd4 Nf6 5. Nc3 a6 6. Bg5 e6 7. f4 Nbd7 8. Qe2
Qc7 9. O-O-O b5 10. g3 Bb7 11. Bg2 Rc8 12. e5 dxe5 13. fxe5 Bxg2 14. exf6 Qe5
15. Qxe5 Nxe5 16. Rhe1 Nf3 17. Nxf3 Bxf3 18. Rd3 Bc6 19. Red1 Rg8 20. fxg7 Be7
21. Bh6 Bf6 22. Re1 Bxg7 23. Bxg7 Rxg7 24. Ne4 Bxe4 25. Rxe4 Rg5 26. a4 Rf5 27.
c3 Rd8 28. Rxd8+ Kxd8 29. axb5 axb5 30. Rf4 Rh5 31. Rxf7 Rxh2 32. Rb7 Rh3 33.
Rxb5 Rxg3 34. Rh5 Rg7 35. b4 Kd7 36. Kc2 Kd6 37. c4 Rf7 38. Kb3 e5 39. Rh6+ Kd7
40. b5 Re7 41. Kc3 e4 42. Rh2 e3 43. Kd3 Kd6 44. Re2 Kc5 45. Rxe3 Rd7+ 46. Kc3
Rd1 47. Re5+ Kb6 48. Re6+ Kc7 49. Rh6 Rb1 50. Rxh7+ Kd6 51. Rh6+ Ke5 52. b6 Ke4
53. Rd6 Ke5 54. c5 Rb5 55. Kc4 Rb1 56. Rd3 Ke6 57. Rb3 Rc1+ 58. Kb5 Kd7 59.
Rd3+ Kc8 60. Kc6 Rb1 1-0

[Event "WIECC 2009"]
[Site "St. Petersburg RUS"]
[Date "2009.03.11"]
[Round "4.3"]
[White "Socko, Monika"]
[Black "Ovod, Evgenija"]
[Result "1-0"]
[WhiteElo "2449"]
[BlackElo "2430"]
[PlyCount "117"]
[EventDate "2009.??.??"]

1. e4 e5 2. Nf3 Nc6 3. Bb5 Bc5 4. c3 Nf6 5. O-O O-O 6. d4 Bb6 7. Bg5 h6 8. Bh4
d6 9. Qd3 Qe7 10. Nbd2 Nb8 11. Rfe1 c6 12. Bc4 Nbd7 13. Bb3 Re8 14. Nc4 Bc7 15.
Ne3 Qf8 16. Bxf6 Nxf6 17. Nh4 Kh8 18. d5 c5 19. Ba4 Rd8 20. Rf1 Nh5 21. g3 Bh3
22. Nhg2 g6 23. c4 Qe7 24. Rae1 Rg8 25. f3 Raf8 26. Rf2 Ba5 27. Ree2 g5 28. Ng4
Bxg2 29. Rxg2 Rg6 30. Ref2 Ng7 31. Ne3 h5 32. Rf1 Rg8 33. Kh1 h4 34. g4 Rh6 35.
a3 Kh7 36. Re2 Rb8 37. Nd1 Kg6 38. Nf2 Rhh8 39. Nh3 Kh6 40. Qe3 Rhf8 41. Bd7 a6
42. Bf5 b5 43. Qc1 f6 44. f4 exf4 45. Nxf4 Qb7 46. Ng6 Rf7 47. Nxh4 bxc4 48.
Rf3 c3 49. Rh3 cxb2 50. Nf3+ Nh5 51. Qb1 Qb5 52. Rc2 Kg7 53. gxh5 Qd3 54. h6+
Kf8 55. Nd2 Qxc2 56. Qxc2 Bxd2 57. Rb3 Rfb7 58. Qxb2 Rxb3 59. Qxf6+ 1-0

[Event "WIECC 2009"]
[Site "St. Petersburg RUS"]
[Date "2009.03.11"]
[Round "4.20"]
[White "Rajlich, Iweta"]
[Black "Kharashuta, Ekaterina"]
[Result "1-0"]
[WhiteElo "2399"]
[BlackElo "2304"]
[PlyCount "71"]
[EventDate "2009.??.??"]

1. d4 d6 2. Nf3 Bg4 3. c4 Nd7 4. e4 e5 5. d5 Ngf6 6. h3 Bh5 7. Nc3 Nc5 8. Bd3
a5 9. Bc2 Be7 10. Be3 Nfd7 11. a3 O-O 12. g4 Bg6 13. h4 h5 14. Nd2 Nf6 15. g5
Nfd7 16. Rb1 c6 17. b4 axb4 18. axb4 Na6 19. dxc6 bxc6 20. O-O f6 21. b5 Nab8
22. Nf3 Bf7 23. Kh1 Ra3 24. Rb3 Ra8 25. bxc6 Nxc6 26. Nd5 Na5 27. Ra3 fxg5 28.
Nxg5 Bf6 29. Rg1 Nxc4 30. Rxa8 Qxa8 31. Nxf7 Rxf7 32. Bb3 Nxe3 33. fxe3 Qb7 34.
Ba2 Bxh4 35. Qxh5 Qa7 36. Ne7+ 1-0

[Event "WIECC 2009"]
[Site "St. Petersburg RUS"]
[Date "2009.03.11"]
[Round "4.21"]
[White "Zawadzka, Jolanta"]
[Black "Kadziolka, Beata"]
[Result "1-0"]
[WhiteElo "2385"]
[BlackElo "2295"]
[PlyCount "103"]
[EventDate "2009.??.??"]

1. e4 e6 2. d4 d5 3. Nc3 Nf6 4. e5 Nfd7 5. f4 c5 6. Nf3 Nc6 7. Be3 Be7 8. Qd2
O-O 9. g3 a6 10. Bg2 b5 11. dxc5 Nxc5 12. Qf2 Nd7 13. O-O b4 14. Ne2 a5 15.
Ned4 Nxd4 16. Nxd4 Qc7 17. Rad1 Ba6 18. Rfe1 Nc5 19. f5 Rfe8 20. Qf4 Bf8 21. f6
Ne4 22. c4 bxc3 23. Bxe4 dxe4 24. Rc1 gxf6 25. Qg4+ Kh8 26. exf6 Qe5 27. bxc3
Qxf6 28. Qxe4 Qg6 29. Qf3 Bg7 30. c4 Rec8 31. Nb5 Rd8 32. Red1 Rxd1+ 33. Rxd1
Kg8 34. Nd6 Rf8 35. Qc6 Qc2 36. Rf1 Qd3 37. Bf2 Be5 38. Qxa6 Qxd6 39. Qxa5 Rc8
40. c5 Qd5 41. Qa4 Ra8 42. Qg4+ Kf8 43. a4 Bf6 44. Be3 Bg7 45. Qb4 Kg8 46. a5
Qd3 47. Bf2 Qa6 48. Rd1 Qxa5 49. Qxa5 Rxa5 50. Rd8+ Bf8 51. Bd4 Ra6 52. Be5 1-0

[Event "WIECC 2009"]
[Site "St. Petersburg RUS"]
[Date "2009.03.11"]
[Round "4.26"]
[White "Fakhiridou, Ekaterini"]
[Black "Dworakowska, Joanna"]
[Result "0-1"]
[WhiteElo "2256"]
[BlackElo "2352"]
[PlyCount "96"]
[EventDate "2009.??.??"]

1. e4 c5 2. Nf3 d6 3. Bc4 Nf6 4. d3 Nc6 5. c3 e6 6. Bb3 Be7 7. O-O O-O 8. Re1
e5 9. Nbd2 Be6 10. Nf1 Qd7 11. Ng3 Rac8 12. Ba4 Qc7 13. Nf5 Bxf5 14. exf5 a6
15. Nd2 b5 16. Bc2 d5 17. Nf1 d4 18. Qf3 Rcd8 19. Ng3 c4 20. Bg5 Nd5 21. Bxe7
Ncxe7 22. cxd4 exd4 23. Re2 Nf6 24. Ne4 Ned5 25. Nxf6+ Nxf6 26. Rae1 Rfe8 27.
Rxe8+ Nxe8 28. g4 h6 29. h4 Qa5 30. Re7 Qb4 31. Qe2 Kf8 32. Rb7 Qc5 33. b3 c3
34. b4 Qd6 35. Bb3 Rd7 36. Rxd7 Qxd7 37. Qe5 Qd6 38. f4 Qxe5 39. fxe5 Nc7 40.
a3 Nd5 41. Kf2 Ne3 42. Ke2 Ke7 43. g5 Nxf5 44. gxh6 gxh6 45. Bd5 Nxh4 46. Bb7
Kd7 47. Bxa6 Kc6 48. Bc8 Ng6 0-1

[Event "WIECC 2009"]
[Site "St. Petersburg RUS"]
[Date "2009.03.11"]
[Round "4.27"]
[White "Majdan, Joanna"]
[Black "Kostiukova, Liubov"]
[Result "1/2-1/2"]
[WhiteElo "2351"]
[BlackElo "2235"]
[PlyCount "101"]
[EventDate "2009.??.??"]

1. e4 e6 2. d4 d5 3. Nc3 Nf6 4. e5 Nfd7 5. f4 c5 6. Nf3 Nc6 7. Be3 Qb6 8. Na4
Qa5+ 9. c3 b6 10. Bd2 c4 11. b4 Qa6 12. Be2 b5 13. Nc5 Qa3 14. Qc2 Nxc5 15.
dxc5 a5 16. Bc1 Qa4 17. Qxa4 bxa4 18. b5 Nb4 19. cxb4 axb4 20. Be3 Ra5 21. Bd1
Be7 22. O-O O-O 23. c6 Rxb5 24. Bxa4 Ra5 25. Bc2 Ba6 26. Rfb1 Ra8 27. Kf2 Bc8
28. a4 b3 29. Bxb3 cxb3 30. Rxb3 Kf8 31. Kg3 Bc5 32. Bd2 R5a6 33. Rb5 Ba7 34.
c7 Ke8 35. a5 Bd7 36. Rbb1 Rc8 37. Rb7 Bc6 38. Rb3 Rxc7 39. Rc1 h6 40. Bb4 Rb7
41. Rbb1 g6 42. h4 Be3 43. Rd1 d4 44. Be1 Rxb1 45. Rxb1 Be4 46. Rb4 Kd7 47.
Nxd4 g5 48. fxg5 hxg5 49. hxg5 Rxa5 50. Rb3 Rd5 51. Rxe3 1/2-1/2

[Event "WIECC 2009"]
[Site "St. Petersburg RUS"]
[Date "2009.03.12"]
[Round "5.8"]
[White "Dworakowska, Joanna"]
[Black "Pogonina, Natalija"]
[Result "0-1"]
[WhiteElo "2352"]
[BlackElo "2467"]
[PlyCount "84"]
[EventDate "2009.??.??"]

1. e4 e5 2. Nf3 Nc6 3. Bb5 a6 4. Ba4 Nf6 5. O-O Be7 6. Re1 b5 7. Bb3 O-O 8. h3
d6 9. c3 Bb7 10. d4 Nd7 11. Nbd2 exd4 12. Nxd4 Nxd4 13. cxd4 Bf6 14. Nf3 Re8
15. Bc2 c5 16. Bf4 Nf8 17. Rb1 Ng6 18. Bg3 Rc8 19. dxc5 dxc5 20. Qc1 Nf8 21. e5
Be7 22. Qe3 Ne6 23. a4 c4 24. b4 Qc7 25. Bh4 Bf8 26. Nh2 Qc6 27. f3 Qc7 28.
axb5 a5 29. Ng4 axb4 30. Kh1 h5 31. Nh2 b3 32. Bf5 Qc5 33. Nf1 Qxe3 34. Nxe3
Rc5 35. Red1 Rxe5 36. Bxe6 R8xe6 37. Nxc4 Rxb5 38. Rd8 Bd5 39. Rxb3 Rxb3 40.
Rxd5 Rb4 41. Rd4 Rc6 42. Rd8 Rbxc4 0-1

[Event "WIECC 2009"]
[Site "St. Petersburg RUS"]
[Date "2009.03.12"]
[Round "5.12"]
[White "Charochkina, Daria"]
[Black "Rajlich, Iweta"]
[Result "0-1"]
[WhiteElo "2316"]
[BlackElo "2399"]
[PlyCount "56"]
[EventDate "2009.??.??"]

1. e4 e6 2. d4 d5 3. Nc3 Bb4 4. exd5 exd5 5. Bd3 Nc6 6. a3 Bxc3+ 7. bxc3 Nge7
8. Qh5 Be6 9. Rb1 b6 10. Nf3 Qd7 11. Ng5 g6 12. Qf3 O-O 13. Nxe6 fxe6 14. Qh3
Nf5 15. O-O e5 16. dxe5 Nxe5 17. Bf4 Rae8 18. Rfe1 Nxd3 19. cxd3 Rxe1+ 20. Rxe1
Qa4 21. Bxc7 Qxa3 22. Be5 Qa2 23. Qf3 Rf7 24. h3 h5 25. c4 Ng7 26. Bf6 Qa5 27.
Re2 Qa4 28. Kh2 Qc6 0-1

[Event "WIECC 2009"]
[Site "St. Petersburg RUS"]
[Date "2009.03.12"]
[Round "5.14"]
[White "Nebolsina, Vera"]
[Black "Zawadzka, Jolanta"]
[Result "0-1"]
[WhiteElo "2312"]
[BlackElo "2385"]
[PlyCount "98"]
[EventDate "2009.??.??"]

1. d4 Nf6 2. c4 g6 3. Nc3 Bg7 4. e4 d6 5. Be2 O-O 6. Nf3 e5 7. O-O Nc6 8. d5
Ne7 9. Ne1 Nd7 10. f3 f5 11. g4 Nf6 12. Nd3 c5 13. Kh1 fxg4 14. fxg4 Nxg4 15.
Rxf8+ Qxf8 16. Bxg4 Bxg4 17. Qxg4 Qf1+ 18. Qg1 Qxd3 19. Bg5 Qf3+ 20. Qg2 Qxg2+
21. Kxg2 Nc8 22. Nb5 a6 23. Nc7 Ra7 24. Bd8 b6 25. Rf1 b5 26. cxb5 axb5 27. a3
Rb7 28. Rf3 c4 29. Na6 Bh6 30. Nb4 Bc1 31. Rf2 Be3 32. Rc2 Nb6 33. Nc6 Na4 34.
Be7 Rd7 35. Re2 Bb6 36. Bg5 Kg7 37. Bc1 Rf7 38. Kg3 Rf1 39. Bd2 Rb1 40. Bb4 Nc5
41. Ne7 Rg1+ 42. Kf3 Rf1+ 43. Kg3 Rf8 44. h4 h5 45. Bd2 Nd3 46. Rg2 Nf2 47. Kh2
Ng4+ 48. Kh3 Rf3+ 49. Rg3 Nf2+ 0-1

[Event "WIECC 2009"]
[Site "St. Petersburg RUS"]
[Date "2009.03.12"]
[Round "5.28"]
[White "Shaidullina, Sandugach"]
[Black "Majdan, Joanna"]
[Result "0-1"]
[WhiteElo "2231"]
[BlackElo "2351"]
[PlyCount "102"]
[EventDate "2009.??.??"]

1. d4 Nf6 2. c4 c5 3. d5 e6 4. Nc3 exd5 5. cxd5 d6 6. e4 a6 7. a4 g6 8. Nge2
Bg7 9. Ng3 h5 10. Be2 Nbd7 11. O-O h4 12. Nh1 Nh5 13. Be3 Qe7 14. Qd2 Kf8 15.
f4 Kg8 16. Nf2 Nf8 17. Rfe1 Bd7 18. a5 Re8 19. Bc4 Bc8 20. e5 dxe5 21. Nfe4
exf4 22. Bxc5 Qd8 23. Bb6 Qd7 24. Nc5 Rxe1+ 25. Rxe1 Qf5 26. d6 f3 27. Re7 Qg4
28. Bxf7+ Kh7 29. Re4 Qf5 30. Bc4 fxg2 31. Rxh4 Nd7 32. Nxd7 Bxd7 33. Bd3 Qe5
34. Bd4 Qxd4+ 35. Rxd4 Bxd4+ 36. Kxg2 Bc6+ 37. Ne4 Rf8 38. Qb4 Nf4+ 39. Kg3 Be5
40. Ng5+ Kh6 41. Nf7+ Rxf7 42. Qd2 g5 43. Kg4 Bd7+ 44. Kf3 Nxd3+ 45. Ke4 Rf4+
46. Ke3 Bd4+ 47. Kxd3 Bf5+ 48. Ke2 Rf2+ 49. Kd1 Rxd2+ 50. Kxd2 Be5 51. Ke3 Bxh2
0-1